Le surrealisme
Guardat en:
| Autor principal: | |
|---|---|
| Format: | Llibre |
| Idioma: | Undetermined |
| Publicat: |
París, Francia
Librairie Armand Colin
1971
|
| Matèries: | |
| Etiquetes: |
Afegir etiqueta
Sense etiquetes, Sigues el primer a etiquetar aquest registre!
|
MARC
| LEADER | 00000nam a2200000Ia 4500 | ||
|---|---|---|---|
| 008 | 170316s9999 xx 000 0 und d | ||
| 090 | |a 801 B-32s | ||
| 100 | |a Brechon, Robert | ||
| 245 | |a Le surrealisme | ||
| 260 | |a París, Francia | ||
| 260 | |b Librairie Armand Colin | ||
| 260 | |c 1971 | ||
| 300 | |a 224 páginas | ||
| 650 | |a TEORÍA LITERARIA | ||
| 650 | |a MOVIMIENTO LITERARIO | ||
| 650 | |a SURREALISMO | ||
| 650 | |a ESTÉTICA | ||
| 650 | |a MITOLOGÍA | ||
| 999 | |c 20098 |d 20098 | ||
| 040 | |a cru BVZT | ||
| 942 | |c 15 D |h 801 B-32s |2 z | ||
